000 01032nam a2200289 i 4500
001 bg
100 1 _aMazurski, Krzysztof Radosław
_d(1946- ).
245 1 0 _aGeneza i przemiany turystyki /
_cKrzysztof F.[!] Mazurski.
260 _aWrocław :
_bWydawnictwo Wyższej Szkoły Zarządzania,
_c2006.
300 _a123, [4] s. :
_bil. ;
_c24 cm.
490 1 _aMonografie Wyższej Szkoły Zarządzania "Edukacja" we Wrocławiu
500 _aPopr. nazwa aut. na okł.: Krzysztof R. Mazurski.
504 _aBibliogr. s. 119-123.
650 9 _aOdpoczynek
650 9 _aTurystyka
655 _aPodręczniki akademickie
830 0 _aMonografie - Wyższa Szkoła Zarządzania "Edukacja" we Wrocławiu
015 _aPB 8856/2007
020 _a8387708429
040 _cBPK
041 _apol
080 _a338.48:379.83/.84](075.8)
920 _a83-87708-42-9
942 _cKS
008 070108s2006 pl a |000 0 pol
999 _c53999
_d53999
856 _uhttp://koha.tu.koszalin.pl/cgi-bin/koha/opac-detail.pl?biblionumber=53999
_yKatalog online BPK